000 00796nam a22002297a 4500
003 UA-OsUOA
001 107451
007 ta
008 20140818b un ||||| |||| 00| 0 ukr d
090 _a81'374.823
_bР75
942 _cBK
040 _aUA-OsUOA
_bukr
_cUA-OsUOA
_dUA-OsUOA
245 _aРосійсько-українсько-англійський словник-довідник найуживаніших скорочень
_cупоряд. В. Я. Карачун, Т. Г. Скопюк
300 _a213 с.
955 _a2
041 _aukr
080 _a81'374.823
020 _a966-594-847-4
260 _aК.
_bВПЦ КУ
_c2006
650 7 _a8 Мовознавство. Художня література. Літературознавство
_2UDC
999 _c393651
_d393651